000 00451nam a2200181Ia 4500
001 10703
005 20260306161851.0
008 260306t1985||||xx |||||||||||||| ||spa||
041 _aESP
082 _a946.082
_bC243
100 _aCierva, Ricardo de la
_eAUT
245 0 _aPro y contra Franco:
_bfranquismo y antifranquismo
260 _c1985
300 _a279 páginas :
_c24 cm.
650 _aGEN
654 _aCHU
942 _cLIB
_dJUS
_fJUS
_2ddc
_n
999 _c10703
_d10703